00913nam a2200217 a 450000100100000000500170001000800410002704000250006808200180009310000330011124500980014426000400024230000200028259000260030265000920032865000610042070000430048191000380052495201160056299900170067800002849920200930054958.0110408s1999 dr 000 0 spa d aDO-SdBNPbspacBNPHU a331.11bA696v1 aArias Rojas, Faustina95546710aVivencias de una empleada pública /cFaustina Arias Rojas; prólogo Mario Suárez Marill. a[Santo Domingo :bCENAPEC,c1999?]. a32 p. ;c21 cm. aInventariado, 2018/VM 4aFuncionarios públicoszRepública DominicanaxCorrespondencia, memorias, etc.938567 4aAdministración públicazRepública Dominicana930111 aSuárez Marill, Marioepról.918218 aValidado. Control de calidad EMS. 0010718PDaPDbPDcHDd2011-04-08iLF1l0o331.11 A696vp28499-10r2020-06-25w2020-06-25yLFPDZNo se presta c27991d27991